--a postarej se o Elišku /

Hlavní autor: Müllerová, Lucie
Jazyk: Čeština
Vydáno: V Praze : Daranus, 2012
Témata:
Fyzický popis: 141 s. ; 21 cm
Knihy
Uloženo v:
LEADER 00920nam a2200301 a 4500
001 nkc20122393288
003 CZ PrNK
005 20130219135730.0
007 ta
008 130116s2012 xr e 000 f cze
015 |a cnb002393288 
020 |a 978-80-87423-33-2  |q (váz.) 
035 |a (OCoLC)827259635 
040 |a ABA001  |b cze 
072 7 |a 821.162.3-3  |x Česká próza  |2 Konspekt  |9 25 
080 |a 821.162.3-31  |2 MRF 
080 |a (0:82-31)  |2 MRF 
100 1 |a Müllerová, Lucie  |7 pag2010609572  |4 aut 
245 1 0 |a --a postarej se o Elišku /  |c Lucie Müllerová 
260 |a V Praze :  |b Daranus,  |c 2012 
300 |a 141 s. ;  |c 21 cm 
655 7 |a české romány  |7 fd133974  |2 czenas 
655 9 |a Czech fiction  |2 eczenas 
910 2 |a BOA001  |b 2-1296.840 
990 |a BK 
995 |a 01 
991 |b 201302  |e b 
996 6 |b 2610536240  |c 2-1296.840  |l MZK  |r Sklad / do 1 hodiny  |n 1  |p p.v.  |w 001309197  |u 000010  |a 1  |e BOA001  |j MZK50  |s P